000 00657nam a22002177a 4500
003 UA-OsUOA
001 82294
007 ta
008 20120228b un ||||| |||| 00| 0 ukr d
100 _aГрабовський С.
090 _a94(477)
_bГ75
942 _cSA
040 _aUA-OsUOA
_bukr
_cUA-OsUOA
_dUA-OsUOA
245 _aДещо про джерела нашої ідентичності. Укранізація міст України: історія і сьогодення
300 _aС.8
955 _a0
041 _aukr
080 _a94(477)
773 0 _w82292
650 7 _a9 Географія. Біографії. Історія
_2UDC
999 _c368604
_d368604